Ecological imperialism : (Registro nro. 3732)

Detalles MARC
000 -CABECERA
Campo de control 00929cam a2200253 a 4500
005 - FECHA Y HORA DE LA ULTIMA TRANSACCION
Campo de control 20161122150200.0
008 - ELEMENTOS DE LONGITUD FIJA—INFORMACION GENERAL
Campo de control 980618s1986 us r 00110 eng d
020 ## - ISBN
ISBN 0521456908
040 ## - FUENTE DE CATALOGACIÓN
Agencia catalogadora original la
Agencia transcriptora la
Agencia Modificadora CO-BoIAVH
041 0# - IDIOMA
Código de idioma para texto/pista de sonido o título separado Inglés
082 04 - NUMERO DE CLASIFICACION DECIMAL DEWEY
Número de clasificación 577.0903
Número del ítem C82e
100 1# - ASIENTO PRINCIPAL--NOMBRE PERSONAL
Nombre personal Crosby, Alfred W.
Fechas asociadas con el nombre 1931-
Término relacionado autor
9 (RLIN) 77213
245 10 - MENCION DE TITULO
Título Ecological imperialism :
Parte restante del título the biological expansion of Europe, 900-1900 /
Mención de responsabilidad Alfred W. Crosby.
260 ## - PUBLICACION, DISTRIBUCION, ETC. (PIE DE IMPRENTA)
Lugar de publicación, distribución, etc. Cambridge :
Nombre del editor, distribuidor, etc. Cambridge University Press,
Fecha de publicación, distribución, etc. 1986.
300 ## - DESCRIPCION FISICA
Extensión xiv, 368 p. ;
Dimensiones 22 x 14 cm.
500 ## - NOTA GENERAL
Nota general Incluye índice.
504 ## - NOTA DE BIBLIOGRAFIA, ETC.
Nota de bibliografía Incluye referencias bibliográficas.
650 26 - ASIENTO SECUNDARIO DE MATERIA - TERMINO TEMATICO
Término temático o nombre geográfico como elemento de entrada Animales
Subdivisión general Distribución geográfica
Subdivisión geográfica Europa
Subdivisión cronológica 900-1900
9 (RLIN) 77214
650 26 - ASIENTO SECUNDARIO DE MATERIA - TERMINO TEMATICO
Término temático o nombre geográfico como elemento de entrada Biogeografía
Subdivisión geográfica Europa
Subdivisión cronológica 900-1900
9 (RLIN) 77215
650 26 - ASIENTO SECUNDARIO DE MATERIA - TERMINO TEMATICO
Término temático o nombre geográfico como elemento de entrada Plantas
Subdivisión general Distribución geográfica
Subdivisión geográfica Europa
Subdivisión cronológica 900-1900
9 (RLIN) 77216
650 26 - ASIENTO SECUNDARIO DE MATERIA - TERMINO TEMATICO
Término temático o nombre geográfico como elemento de entrada Ecología
Subdivisión general Historia
Subdivisión geográfica Europa
Subdivisión cronológica 900-1900
9 (RLIN) 77217
942 ## - ELEMENTOS ADICIONALES (KOHA)
Sistema de clasificación Dewey Decimal Classification
Tipo de ítem Libro
949 ## - LOCAL PROCESSING INFORMATION (OCLC)
a n
b n
Existencias
Withdrawn status Lost status Sistema de Clasificación Damaged status No para préstamo Colección Inventariado Ubicación Permanente Ubicación actual Fecha de adquisición Fuente de Valor Valor Total Checkouts Número topográfico Inventario / Código de Barras Date last seen Ejemplar Price effective from Forma de adquisición Tipo de material
    Dewey Decimal Classification     General Inventariado 2017 Sala Fabio Quevedo Sala Fabio Quevedo 09/03/2004 Instituto 50000.00   LB-577.0903 C82e 018137 04/12/2012 Ej. 1 04/12/2012 Donación Libro